000 00507nam a2200205Ia 4500
003 IT-RoPAU
005 20220918175523.0
008 120407s9999 xx 000 0 und d
040 _aIT-RoPAU
040 _cIT-RoPAU
041 _aita
100 _aKovacevic-Duje P.F., O.P.
_916857
245 _aSintesi di teologia orientale dei Pravoslavi
260 _aRoma, Parigi ecc.
_bDesclée
_c1960
300 _c20 cm
_a193 pp.
490 _v1
700 _aDuje
_916858
942 _cBK
_2ddc
999 _c16598
_d16598